00843cam a22002654a 450000100090000000300120000900500170002100800410003801000170007902000190009604000180011504200080013305000210014108200280016224500890019026000430027930000390032249000340036150400510039565000200044665000310046665000300049770000290052770000210055616811793Nust- CAS-E20180118181355.0110606s2011 fluab b 001 0 eng  a 2011017383 a9781420086003  aDLCcDLCdDLC apcc00aTJ165b.L37 201100a621.31/26223bLAR 201100aLarge energy storage systems handbook /cedited by Frank S. Barnes, Jonah G. Levine. aBoca Raton, Fla. :bCRC Press,cc2011. axv, 244 p. :bill., maps ;c25 cm.0 aMechanical engineering series aIncludes bibliographical references and index. 0aEnergy storage. 0aElectric power production. 0aRenewable energy sources.1 aBarnes, Frank S.,d1932-1 aLevine, Jonah G.